MARC

LEADER 00000nam0a2200000 4500
001 317654
005 20231102003010.0
035 |a (RuTPU)RU\TPU\book\343122 
090 |a 317654 
100 |a 20160412d1946 m y0rusy50 ca 
101 0 |a rus 
102 |a RU 
105 |a y z 000by 
200 1 |a Депутат Балтики  |e сценарий  |f Д. Дель [и др.] 
205 |a 2-е изд. 
210 |a Москва  |c Госкиноиздат  |d 1946 
215 |a 95 с. 
225 1 |a Библиотека кинодраматургии 
606 1 |a Киносценарии  |2 stltpush  |3 (RuTPU)RU\TPU\subj\14378  |9 40779 
610 1 |a киноискусство 
610 1 |a кинематография 
610 1 |a драматургия 
675 |a 791.43.05:008  |v 4 
701 1 |a Дель  |b Д. 
701 1 |a Рахманов  |b Л. 
701 1 |a Зархи  |b А. 
701 1 |a Хейфиц  |b И. 
801 1 |a RU  |b 63413507  |c 20160412 
801 2 |a RU  |b 63413507  |c 20160520  |g RCR 
942 |c BK